000 00378nam a2200109Ia 4500
008 160909s9999 xx 000 0 und d
100 _aBarton, Eric Wayne
245 _aPerceived Best Practices of Small Business Executives in War Zones
260 _bWalden University
_c2016
650 _aMARKETING MANAGEMENT
856 _uhttp://pqdtopen.proquest.com/doc/1801961343.html?FMT=ABS
999 _c304819
_d304819